| 000 | 00337cam a2200133ua 4500 | ||
|---|---|---|---|
| 020 | _a8178085356 | ||
| 082 |
_a620.105 _bPOP/EN |
||
| 100 |
_aPopov, Egor P . _91436 |
||
| 245 | _aEngineering Mechanics of Solids / | ||
| 250 | _a1 / 2 | ||
| 260 |
_aNew Delhi : _bPrentice Hall of India Pvt Ltd. , _c2006. |
||
| 300 | _a864 | ||
| 942 | _cBK | ||
| 999 |
_c12991 _d12991 |
||